[Event "Sao Paulo Pascoa op"]
[Site "Sao Paulo"]
[Date "2024.03.29"]
[Round "2"]
[White "Lohmann, Edipo Luiz"]
[Black "Gomes, Bernardo Camargos"]
[Result "1-0"]
[WhiteElo "1618"]
[BlackElo "1800"]
[PlyCount "67"]
[EventDate "2024.03.29"]
[EventType "swiss"]
[EventRounds "6"]
[EventCountry "BRA"]
[SourceTitle "CBM 219 Extra"]
[Source "ChessBase"]
[SourceDate "2024.05.31"]
[SourceVersion "1"]
[SourceVersionDate "2024.05.31"]
[SourceQuality "1"]

1. d4 d5 2. c4 c6 3. cxd5 cxd5 4. Nc3 Nf6 5. Bg5 Nbd7 6. Nf3 e6 7. a3 Be7 8. e3 0-0 9. Bd3 Qc7 10. 0-0 Re8 11. Rc1 Qb6 12. Na4 Qd8 13. Bf4 Rf8 14. b4 Nb6 15. Bc7 Qd7 16. Bxb6 Qd6 17. Bc5 Qd8 18. Ne5 Bd7 19. Bxe7 Qxe7 20. Nc5 Bc6 21. b5 Be8 22. a4 b6 23. Na6 Nd7 24. Rc7 f6 25. Nxd7 Bxd7 26. Qb3 f5 27. Rfc1 f4 28. exf4 Rxf4 29. Qc3 Raf8 30. Rf1 e5 31. dxe5 Qe6 32. Nb4 d4 33. Qe1 a5 34. Bc4 1-0